| 000 | 00471nam a2200157 i 4500 | ||
|---|---|---|---|
| 001 | 88533 | ||
| 003 | ES-MaACL | ||
| 005 | 20230906175858.0 | ||
| 007 | t| | ||
| 008 | 050104s1943 dr ||||1| spa d | ||
| 100 | 1 |
_aLamarche, Juan Bautista. _969769 |
|
| 245 | 1 | 3 |
_aLa personalidad integral de Trujillo / _cJuan Bautista Lamarche. |
| 260 |
_aCiudad Trujillo : _bLa Nación, _c1943. |
||
| 300 |
_a64 p. : _b1 retr. biog. ; _c21 cm. |
||
| 852 |
_aES-MaACL _jC-14851 _bR.42915 |
||
| 999 |
_c88533 _d88533 |
||